Europäische Geschichte nach Buchstaben - I - Statistiken

Allgemein
  • Dieses Quiz wurde 52 mal gespielt
  • Das Durchschnittsergebnis liegt bei 13 aus 20
Antwortstatistiken
Hinweis Antwort % Korrekt
Dieser Großfürst von Moskau ließ sich zum ersten Zar von Rußland krönen Ivan der Schreckliche
98%
Diese Insel soll laut Überlieferung 870 vom Wikinger Garðarr Svavarsson entdeckt worden sein Island
96%
Diese Stadt wurde seit der Regierungszeit von Kaiser Konstantin zur Hauptstadt des Römischen und später Osmanischen Reiches Istanbul
96%
Im Osteraufstand 1916 sollte die Unabhängigkeit dieses Landes vom Britischen Weltreich errungen werden Irland
89%
In dieser ehemaligen Hauptstadt eines bayrischen Teilherzogtums wurde 1776 der Illuminatenorden gegründet Ingolstadt
80%
Königin von Kastilien, die durch Hochzeit ihr Land mit Aragon vereinigte und Kolumbus nach Westen schickte Isabella von Kastilien
80%
Dieser Staat entstand 1861 im Zuge des Risorgimento mit dem ersten König Viktor Emanuel Italien
80%
Großer sozial-wirtschaftlicher Umbruch, der ab dem 18. Jahrhundert in Großbritannien startend zur großer Produktivitätssteigerung, Urbanisierung und Massenverelendung führte Industrielle Revolution
78%
In dieser Tiroler Residenzstadt ließ Kaiser Maximilian das damals bedeutendste Waffenarsenal Europas erbauen Innsbruck
78%
Globale Polizeiorganisation, welche 1923 in Wien gegründet und mittlerweile in Lyon ansässig ist Interpol
78%
Kunstrichtung der zweiten Hälfte des 19. Jahrhunderts (Manet, Debussy, Monet und weitere) Impressionismus
73%
Militärische Organisation die für diese Unabhängigkeit kämpfte IRA
73%
Mittelalterlicher Papst, der zum 4., 5. und Albigenserkreuzzug aufrief Innozenz III
60%
Aus der eurasischen Steppe stammende Kultur, deren Sprache die Stammsprache fast aller europäischen Sprachen ist Indoeuropäische Kultur
51%
Bahnbrechende Erfindung die maßgeblich 1989 von Tim Berners-Lee am Genfer CERN entwickelt wurde Internet
42%
Mittelalterlicher Konflikt zwischen Papst und Kaiser um das Recht, Bischöfe einzusetzen Investiturstreit
42%
Alte Römer- und Hansestadt in Ostengland, welche Anfang des 17. Jahrhunderts wichtigster britischer Hafen für Auswanderer nach Amerika war Ipswich
36%
Dieser katholische Heilige gründete im 16. Jahrhundert den Jesuitenorden Ignatius von Loyola
22%
Erste byzantinisch-römische Kaiserin, die im Bilderstreit die Verehrung von Ikonen durch das zweite Konzil von Nicäa durchsetzte Irene
20%
Sächsisches Zentralheiligtum in Westfalen, welches zur Christanisierung der Sachsen von Karl dem Großen gefällt wurde Irminsul
16%
Keine übereinstimmenden Quizze gefunden
Verteilung der Resultate
Anzahl Personen mit jedem Resultat
Perzentil nach korrekt beantworteten Fragen
Ihre Resultats-Entwicklung
Sie haben dieses Quiz noch nicht gespielt